000 00566nam a2200229 a 4500
001 nice12345678
003 IN_TiNIC
005 20260116011858.0
008 080507s1919 laha grp 000 0 urd
020 _a
_c100
082 0 0 _a220
_bCTS
100 _aCatholic Truth Society,
245 _aYasu Masih Ka Ahad Jadeed
260 _aLahore
_bCatholic Truth Society
_c1919
300 _a328p
500 _aincludes index and biblioraphy
650 _aBible-Urdu
700 1 _aCatholic Truth Society,
902 _bSRS
942 _cBK
999 _c4661
_d4661